The lost bride / (Record no. 21898)
[ view plain ]
| 000 -LEADER | |
|---|---|
| fixed length control field | 01332cam a22003255a 4500 |
| 001 - CONTROL NUMBER | |
| control field | 016014495 |
| 003 - CONTROL NUMBER IDENTIFIER | |
| control field | EG-ScBUE |
| 005 - DATE AND TIME OF LATEST TRANSACTION | |
| control field | 20220208104649.0 |
| 008 - FIXED-LENGTH DATA ELEMENTS--GENERAL INFORMATION | |
| fixed length control field | 120119s2012 enk f 000 f eng d |
| 020 ## - INTERNATIONAL STANDARD BOOK NUMBER | |
| International Standard Book Number | 9780141342023 (pbk.) |
| 040 ## - CATALOGING SOURCE | |
| Original cataloging agency | StDuBDS |
| Language of cataloging | eng |
| Description conventions | rda |
| Transcribing agency | StDuBDS |
| Modifying agency | Uk |
| -- | EG-ScBUE |
| 082 04 - DEWEY DECIMAL CLASSIFICATION NUMBER | |
| Classification number | 823.92 |
| Item number | MAS |
| Edition number | 22 |
| 100 1# - MAIN ENTRY--PERSONAL NAME | |
| Personal name | Mason, Emily, |
| Dates associated with a name | 1932-2019, |
| Relator term | author. |
| 9 (RLIN) | 40194 |
| 245 14 - TITLE STATEMENT | |
| Title | The lost bride / |
| Statement of responsibility, etc | Emily Mason. |
| 264 #1 - PUBLICATION, DISTRIBUTION, ETC. (IMPRINT) | |
| Place of publication, distribution, etc | London : |
| Name of publisher, distributor, etc | Puffin Books, |
| Date of publication, distribution, etc | 2012. |
| 300 ## - PHYSICAL DESCRIPTION | |
| Extent | 211 pages ; |
| Dimensions | 20 cm. |
| 336 ## - CONTENT TYPE | |
| Source | rdacontent |
| Content type term | text |
| Content type code | txt |
| 337 ## - MEDIA TYPE | |
| Source | rdamedia |
| Media type term | unmediated |
| Media type code | n |
| 338 ## - CARRIER TYPE | |
| Source | rdacarrier |
| Carrier type term | volume |
| Carrier type code | nc |
| 490 0# - SERIES STATEMENT | |
| Series statement | Ghost detectives |
| 520 ## - SUMMARY, ETC. | |
| Summary, etc | When the local museum needs volunteers to help it reopen, Abi, Hannah, Sarah and Grace sign up. The girls discover that the museum has a link to the spirit world when they find an ancient diary and meet a ghost bride from another century. She can't rest in peace until she finds out why her true love left her at the altar. (Back cover). |
| 650 #7 - SUBJECT ADDED ENTRY--TOPICAL TERM | |
| Topical term or geographic name as entry element | Detective and mystery stories, English. |
| Source of heading or term | BUEsh |
| 9 (RLIN) | 14434 |
| 650 #7 - SUBJECT ADDED ENTRY--TOPICAL TERM | |
| Topical term or geographic name as entry element | Children’s stories. |
| Source of heading or term | BUEsh |
| 9 (RLIN) | 13280 |
| 650 #7 - SUBJECT ADDED ENTRY--TOPICAL TERM | |
| Topical term or geographic name as entry element | Museums |
| Form subdivision | Fiction. |
| Source of heading or term | BUEsh |
| 9 (RLIN) | 40193 |
| 650 #7 - SUBJECT ADDED ENTRY--TOPICAL TERM | |
| Topical term or geographic name as entry element | Ghost stories. |
| Source of heading or term | BUEsh |
| 9 (RLIN) | 2093 |
| 651 ## - SUBJECT ADDED ENTRY--GEOGRAPHIC NAME | |
| Source of heading or term | BUEsh |
| 653 ## - INDEX TERM--UNCONTROLLED | |
| Arrived date list | June2016 |
| Resource For college | Humanities: English |
| 655 ## - INDEX TERM--GENRE/FORM | |
| Form subdivision | Reading book |
| 9 (RLIN) | 34232 |
| 942 ## - ADDED ENTRY ELEMENTS (KOHA) | |
| Source of classification or shelving scheme | Dewey Decimal Classification |
| Koha item type | Book - Borrowing |
| Withdrawn status | Lost status | Source of classification or shelving scheme | Damaged status | Not for loan | Collection code | Home library | Current library | Shelving location | Date acquired | Source of acquisition | Cost, normal purchase price | Serial Enumeration / chronology | Total Checkouts | Total Renewals | Full call number | Barcode | Checked out | Date last seen | Date checked out | Cost, replacement price | Price effective from | Koha item type |
|---|---|---|---|---|---|---|---|---|---|---|---|---|---|---|---|---|---|---|---|---|---|---|
| Dewey Decimal Classification | ILB | Central Library | Central Library | Second Floor | 16/06/2016 | Purchase | 76.00 | 8263 | 4 | 3 | 823.92 MAS | 000032683 | 13/06/2026 | 14/05/2026 | 14/05/2026 | 95.00 | 16/06/2016 | Book - Borrowing |